| 000 | 00839cam a22002535a 4500 | ||
|---|---|---|---|
| 006 | a||||fr|||| 00| 0 | ||
| 008 | 150817s2005 ad f |||| 001 0 eng d | ||
| 020 | _a0131276190 (pbk.) | ||
| 020 | _a0131489925 (CD ROM 1) | ||
| 020 | _a013149404X (CD ROM 2) | ||
| 020 | _a9780131276192 | ||
| 040 |
_aEG-ScBUE _beng _cEG-ScBUE |
||
| 082 | 0 | 4 |
_a620.1 _bSHA _222 |
| 100 | 1 | _aShackelford, James F. | |
| 245 | 1 | 0 |
_aIntroduction to materials science for engineers / _cJames F. Shackelford. |
| 250 |
_a6th ed. _binternational ed. |
||
| 260 |
_aUpper Saddle River, N.J. ; : _bPearson Education International, _c2005. |
||
| 300 |
_axviii, 878 p. : _bill., port. ; _c25 cm. + _e2 CD-ROMS. |
||
| 500 | _aindex 859-878. | ||
| 500 | _aPrevious ed.: 2004. | ||
| 650 |
_aMaterials. _2BUEsh |
||
| 651 | _2BUEsh | ||
| 942 |
_cBB _k620.1S5243 _2ddc |
||
| 999 |
_c5857 _d841 |
||